000 00869nam a22002177a 4500
003 0
005 20250129102538.0
008 150916b xxu||||| |||| 00| 0 eng d
050 _aPGS BF 723.I64
_b.G216 2015
100 _aGarcia, Rischelle M.
245 _aSocial skills of class officers and non-class officers of grade 6 students of Southville International School and Colleges /
_cRischelle M. Garcia.
260 _aLas PiƱas City, Philippines :
_bSouthville International School and Colleges,
_c2015.
300 _a25 p. :
_bill. ;
_c28 cm.
_fPASS
504 _aIncludes bibliographical references.
650 _aSocial skills in children.
650 _aLeadership in children.
650 _aElementary school students
_vPsychology.
650 _aInterpersonal relations in children
650 _aSchool children
_vSocial conditions.
942 _2lcc
_cPASS
999 _c288679
_d288679